|
|
|
|
| LEADER |
00000cam a2200000 7i4500 |
| 001 |
0000028310 |
| 005 |
20091126.0 |
| 008 |
091126 |
| 020 |
|
|
|a 9831979594
|
| 090 |
0 |
0 |
|a 306.31
|b NUR
|
| 100 |
1 |
|
|a Nuratikah Ayuni
|
| 245 |
1 |
0 |
|a Apa benda abang cakap ni?
|c Nuratikah Ayuni
|
| 260 |
|
|
|a Kuala Lumpur :
|b Synergy Media
|
| 440 |
|
|
|a Siri pasangan ideal
|
| 650 |
|
0 |
|a Man
|
| 650 |
|
0 |
|a Man-women relationships
|
| 650 |
|
0 |
|a Man
|x attitudes
|
| 999 |
|
|
|a 0001058189
|b Book
|c Adult Collection
|e Perbadanan Perpustakaan Awam Johor
|
| 999 |
|
|
|a 0001058191
|b Book
|c Adult Collection
|e Perbadanan Perpustakaan Awam Johor
|
| 999 |
|
|
|a 0001138071
|b Book
|c REFERENCE
|e Cawangan Taman Universiti
|
| 999 |
|
|
|a 0001138074
|b Book
|c Adult Collection
|e Cawangan Pontian
|
| 999 |
|
|
|a 0001138075
|b Book
|c Adult Collection
|e Cawangan Segamat
|